2025 updated - Statistics

General Stats
  • This quiz has been taken 2 times
  • The average score is 140 of 600
Answer Stats
Artist Answers % Correct
king gnu 白日
100%
leehom wang 心跳
100%
leehom wang 缘分一道桥
100%
sabrina carpenter 15 minutes
100%
clairo add up my love
100%
carly rae jepsen after last night
100%
denison witmer a house with
100%
parannoul a lot can happen
100%
wave to earth annie.
100%
hohnen ford another lifetime
100%
yakul april
100%
no guidnce around me
100%
bridgit mendler atlantis
100%
parannoul backwards
100%
sabrina carpenter bad reviews
100%
clairo bags - electric lady studios
100%
rimera belly ferlice
100%
willow b i g f e e l i n g s
100%
porter robinson blossom
100%
taeyeon blur
100%
sza bmf
100%
beabadoobee california
100%
vampire weekend capricorn
100%
novo amor carry you
100%
pkyb child
100%
smog cold blooded old times
100%
everything everything cold reactor
100%
janelle monáe cold war
100%
ichiko aoba coloratura
100%
novo amor colourway
100%
mac miller come back to earth
100%
lucy sugerman crumb
100%
ichiko aoba dawn in the adan
100%
venturing dead forever
100%
sheila majid dia
100%
beabadoobee don't get the deal
100%
cuco dontmakemefallinlove
100%
the weeknd drive
100%
porter robinson easier to love you
100%
megat fazly erat
100%
keshi euphoria
100%
rachel chinouriri even
100%
tame impala eventually
100%
fontaines d.c. favourite
100%
muse feeling good
100%
origami angel find your throne
100%
mitski fireworks
100%
joshua luke smith flowers
100%
tiny habits for sale sign
100%
lynyrd skynyrd free bird
100%
origami angel fruit wine
100%
mac miller funny papers
100%
rachel chinouriri garden of eden
100%
yakul getting late
100%
mitski geyser
100%
joji gimme love
100%
cory wong | huntr/x golden
100%
mac miller good news
100%
the 1975 happiness
100%
imogen heap headlock
100%
jay-z heart of the city (ain't no love)
100%
kendrick lamar heart pt. 6
100%
mitski heat lightning
100%
cocteau twins heaven or las vegas
100%
park hyo shin home
100%
vampire weekend hope
100%
tenielle neda how beautiful the feet
100%
tiny habits i don't have the heart
100%
lizzy mcalpine i guess
100%
avril lavigne i'm a mess
100%
parannoul insomnia
100%
yakul in the fire
100%
ariana grande into you
100%
wasia project is this what love is?
100%
george clanton it makes the babies want to cry
100%
the 1975 it's not living (if it's not with you)
100%
raveena junebug
100%
radiohead just
100%
matilda mann just because
100%
imogen heap just for now
100%
simon & garfunkel keep the customer satisfied
100%
siobhán winifred killers
100%
fiona apple left alone
100%
pkyb life isn't a buffet
100%
wave to earth light
100%
tyler, the creator like him
100%
ryan beatty little faith
100%
raveena lose my focus
100%
ichiko aoba lucifèrine
100%
kendrick lamar luther
100%
voces8 may it be
100%
cassandra jenkins michelangelo
100%
fujii kaze michi teyu ku (overflowing)
100%
justice neverender
100%
rex orange county never had the balls
100%
rachel chinouriri never need me
100%
john park nightcrawler
100%
yakul north & south
100%
yebba october sky - electric lady studios
100%
del water gap ode to a conversation stuck in your throat
100%
the weeknd open hearts
100%
lizzy mcalpine orange show speedway
100%
candy claws pangaea girls (magic feeling)
100%
lana del rey paris, texas
100%
raveena pluto
100%
beabadoobee post
100%
airm remedi buat emmaline
100%
ryan beatty ribbons
100%
sufjan stevens romulus
100%
adam melchor room on your shoulder
100%
keshi say
100%
jessie ware say you love me
100%
father john misty screamland
100%
sufjan stevens should have known better
100%
muna silk chiffon
100%
grentperez silver lining
100%
sade smooth operator
100%
evan fong spawn!
100%
fontaines d.c. starburster
100%
mac ayres stay
100%
yakul streetlight
100%
allie x susie save your love
100%
syml take me apart
100%
rex orange county television / so far so good
100%
khamari tell me
100%
origami angel the air up here
100%
kendrick lamar the heart part 5
100%
sufjan stevens the only thing
100%
daisy jones & the six the river
100%
beabadoobee tired
100%
yakul until it dies
100%
novo amor vantablack
100%
gungor vapor
100%
origami angel welcome to...
100%
imogen heap what have you done to me?
100%
origami angel where blue light blooms
100%
ryan beatty white teeth
100%
bôa worry
100%
yoasobi yoru ni kakeru
100%
leehom wang 你是我心内的一首歌
0%
kaytranada 10%
0%
the 1975 about you
0%
meaningful stone a call from my dream
0%
laufey a cautionary tale
0%
liang lawrence a day off in margaritaville
0%
sweet trip air supply
0%
elliott smith alameda
0%
loyle carner a lasting place
0%
billy joel all for leyna
0%
daniel caesar always
0%
ethel cain american teenager
0%
ichiko aoba amuletum
0%
ryan beatty | weyes blood andromeda
0%
aries anesthesia
0%
sam fender angel in lothian
0%
magdalena bay angel on a satellite
0%
adrianne lenker anything
0%
mass of the fermenting dregs aoi, koi, dadaiiro no hi
0%
natalia lafourcade apertura cancionera
0%
rex orange county apricot princess
0%
sufjan stevens a running start
0%
boylife babychop
0%
tamino babylon
0%
the marías back to me
0%
rina sawayama bad friend
0%
milo b bajo de la piel
0%
luke chu ballad of the goddess - orchestral
0%
clairo bambi
0%
john van deusen before you fade away
0%
john murphy being human
0%
black country, new road besties
0%
japanese breakfast be sweet
0%
kero kero bonito big city
0%
joshua bassett blue
0%
jonathan ogden blue feathers
0%
elias rønnenfelt blunt force trauma
0%
danny brown book of daniel
0%
ryan beatty bright red
0%
ryan beatty bruises off the peach - live
0%
all time low bubblegum
0%
radiohead burn the witch
0%
ikimonogakari burubado
0%
matt maltese buses replace trains
0%
asian glow camel8strike
0%
fleet foxes can i believe you
0%
olivia rodrigo can't catch me now
0%
lianne la havas can't fight
0%
rachel chinouriri can we talk about isaac?
0%
pinkpantheress capable of love
0%
natalia lafourcade cariñito de acapulco
0%
laufey castle in hollywood
0%
ruel cats on the ceiling
0%
owl city cave in
0%
car seat headrest ccf (i'm gonna stay with you)
0%
panchiko chapel of salt
0%
beach bunny chasm
0%
laura marling child of mine
0%
tamino cigar
0%
jon guerra citizens
0%
twenty one pilots city walls
0%
julie clairbourne practice
0%
perfume genius clean heart
0%
lizzy mcalpine come down soon
0%
james blake coming back
0%
silvana estrada como un pájaro
0%
dispirited spirits counting raindrops
0%
pkyb courage and kindness
0%
shelly cross your mind
0%
billie marten crown
0%
liana flores crystalline
0%
beach bunny cycles
0%
deftones dai the flu
0%
celtic woman danny boy - live 2017
0%
ichiko aoba dawn in the adan - live
0%
sufjan stevens death with dignity
0%
sufjan stevens death with dignity - demo
0%
panda bear defense
0%
ninajirachi delete
0%
natalia lafourcade derecho de nacimiento
0%
vashti bunyan diamond day
0%
addison rae diet pepsi
0%
no guidnce different ways
0%
lady gaga disease
0%
electric light orchestra don't bring me down
0%
faouzia don't ever leave me
0%
john michel don't save me
0%
ms. lauryn hill doo wop (that thing)
0%
asian glow dorothee thines
0%
twenty one pilots downstairs
0%
kingfisher do you think i'm pretty
0%
aurora dreams
0%
echolalia dreams of you
0%
twenty one pilots drum show
0%
celtic woman dúlamán - live 2017
0%
tesseract dystopia
0%
ichiko aoba easter lily
0%
tim bernardes ela
0%
baekhyun elevator
0%
natalia lafourcade ella es bonita
0%
natalia lafourcade el lugar correcto
0%
racing mount pleasant emily
0%
ichiko aoba enchantment of the fairy
0%
kali uchis endlessly
0%
quickly, quickly enything
0%
flower face eternal sunshine
0%
iu everybody has secrets
0%
tenielle neda every day i love you
0%
radiohead everything in its right place
0%
radiohead fake plastic trees
0%
addison rae fame is a gun
0%
townes van zandt fare thee well, miss carousel
0%
nujabes feather
0%
julia holter feel you
0%
owl city fireflies
0%
magdalena bay follow the leader
0%
dispirited spirits forecast (such a beautiful day)
0%
quadeca forgone
0%
stephen schwartz for good
0%
black country, new road for the cold country
0%
ethel cain fuck me eyes
0%
phoebe bridgers funeral
0%
grentperez fuzzy feeling
0%
justice genesis
0%
billy joel get it right the first time
0%
daniel caesar get you
0%
origami angel gg
0%
thomas austin ghost
0%
mariah carey giving me life
0%
quadeca godstained
0%
forrest frank good day
0%
imogen heap goodnight and go
0%
kanye west gorgeous
0%
emma nissen gotta have faith
0%
ruel growing up is _____
0%
fujii kaze hachikō
0%
the brook & the bluff halfway up
0%
ariana grande hampstead
0%
black country, new road happy birthday
0%
natalia lafourcade hasta la raíz
0%
loyle carner hate
0%
daniel caesar have a baby (with me)
0%
kali uchis heaven is a home...
0%
my chemical romance helena
0%
jessie ware hello love
0%
fleet foxes helplessness blues
0%
joni mitchell help me
0%
pkyb help me to love
0%
mariah carey here for it all
0%
d4vd here with me
0%
panchiko honeycomb
0%
perfume genius hood
0%
shiritsu ebisu chugaku hoshi no kazoekata
0%
lisa fischer how can i ease the pain
0%
rina sawayama hurricanes
0%
joey valence & brae hyperyouth
0%
caroline polachek i believe - acoustic
0%
none the younger idaho
0%
my chemical romance i don't love you
0%
lausse the cat i.d.w.g.a.j
0%
tenielle neda if i have no one else
0%
bon iver if only i could wait
0%
the 1975 if you're too shy (let me know)
0%
tyler, the creator igor's theme
0%
post malone i had some help
0%
gracie abrams i love you, i'm sorry
0%
kali uchis ilysmih
0%
parannoul imagination
0%
charli xcx i might say something stupid
0%
mamamoo i miss you 2021
0%
emma nissen i need Thee every hour
0%
deftones infinite source
0%
jon guerra in the beginning was love
0%
ninajirachi ipod touch
0%
jon guerra i see the birds
0%
audrey assad i shall not want
0%
mariah the scientist is it a crime
0%
tommee profitt it came upon a midnight clear - live
0%
fontaines d.c. it's amazing to be young
0%
mei semones itsumo
0%
jon guerra i will follow
0%
daniel caesar japanese denim
0%
sufjan stevens javelin (to have and to hold)
0%
cityalight jerusalem
0%
jon guerra Jesus
0%
asian glow jitnunkebi (winter's song)
0%
sufjan stevens john my beloved
0%
sampha jonathan l. seagull
0%
tommee profitt joy to the world 2 (He is come) - live
0%
novo amor just another way
0%
james berkeley just how it goes
0%
the cure just like heaven
0%
jay r kahit kailan
0%
shiritsu ebisu chugaku kanjo densha
0%
jon guerra kingdom of God
0%
silvana estrada la corriente
0%
nujabes lady brown
0%
kings kaleidoscope Lamb of God
0%
lamp last train at 25 o'clock
0%
titanic la trampa sale
0%
rosalía la yugular
0%
joshua leventhal l a z a r u s h e a r t
0%
twenty one pilots leave the city
0%
jon guerra let a little light in
0%
frou frou let go
0%
nujabes letter from yokosuka
0%
wasia project letters from the day
0%
porter robinson lifelike
0%
the oh hellos like the dawn
0%
the cranberries linger
0%
loyle carner loose ends
0%
frank ocean lost
0%
carly rae jepsen lost in devotion
0%
little simz lotus
0%
magdalena bay love is everywhere
0%
fujii kaze love like this
0%
laufey lover girl
0%
no guidnce lovers to enemies
0%
ichiko aoba lullaby
0%
nujabes luv (sic.) pt3
0%
japanese breakfast magic mountain
0%
sabrina carpenter manchild
0%
justice mannequin love
0%
naki masa
0%
ernie zakri masing masing
0%
fujii kaze masshiro (pure white)
0%
half-alive maybe
0%
magdalena bay mercurial world
0%
ichiko aoba meringue doll
0%
hiba tawaji metl el rih
0%
deftones milk of the madonna
0%
redveil mini me
0%
quadeca monday
0%
novo amor monty
0%
daniel caesar moon
0%
gracie moving away
0%
electric light orchestra mr. blue sky
0%
porter robinson musician
0%
tamino my dearest friend and enemy
0%
mon laferte my one and only love
0%
conan gray my world
0%
ariana grande needy
0%
ethel cain nettles
0%
the clause never ending affair
0%
rex orange county never enough
0%
audrey assad new every morning
0%
twenty one pilots next semester
0%
grentperez nice to meet you
0%
milo b niño
0%
john michel nobody
0%
tommee profitt noel (He is born) - live
0%
sampha (no one knows me) like the piano
0%
big thief no reason
0%
nick drake northern sky
0%
radiohead no surprises
0%
silvana estrada no te vayas sin saber
0%
the polar boys nothing has changed
0%
after nothingmore
0%
olivia rodrigo obsessed
0%
vaundy odoriko
0%
magdalena bay oh hell
0%
fujii kaze okay, goodbye
0%
sufjan stevens olympus
0%
nujabes ordinary joe
0%
celtic woman óró sé do bheatha 'bhaile
0%
mon laferte otra noche de llorar
0%
racing mount pleasant outlast
0%
magdalena bay paint me a picture
0%
natalia lafourcade pajarito colibrí
0%
zack tabudlo pano
0%
hayley williams parachute
0%
wolf alice passenger seat
0%
ariana grande past life
0%
yakul past tense
0%
joji past won't leave my bed
0%
faouzia peace & violence
0%
wave to earth peach eyes
0%
sam fender people watching
0%
tenielle neda perfect peace
0%
japanese breakfast picture window
0%
ichiko aoba pilgrimage
0%
jade plastic box
0%
parannoul polaris
0%
faouzia porcelain
0%
tim bernardes pouco a pouco
0%
dispirited spirits powerlines / powerless
0%
faouzia pretty stranger
0%
phoebe bridgers punisher
0%
matt champion purify
0%
flower face pushing daisies
0%
frank ocean pyramids
0%
radiohead pyramid song
0%
natalia lafourcade qué he sacado con quererte
0%
racing mount pleasant racing mount pleasant
0%
tamino raven
0%
sufjan stevens reach out
0%
arcade fire rebellion (lies)
0%
jon guerra reckoner (an axe laid at the root)
0%
kingfisher reichenbach falls
0%
rosalía reliquia
0%
naki rembulan
0%
caravan palace reverse
0%
twenty one pilots robot voices
0%
sufjan stevens run away with me
0%
mckinley dixon run, run, run pt. ii
0%
silvana estrada sabré olvidar
0%
adrianne lenker sadness as a gift
0%
hillside recording safe
0%
tiny habits salt & sand
0%
tamino sanctuary
0%
hinata kashiwagi santasantasanta
0%
rosalía sauvignon blanc
0%
shiritsu ebisu chugaku school days
0%
phoebe bridgers scott street
0%
ichiko aoba seabed eden - french
0%
magdalena bay second sleep
0%
fujii kaze "seishun sick"
0%
frank ocean self control
0%
origami angel self-destruct
0%
mafidz senandung
0%
rina sawayama send my love to john
0%
panchiko shelled and cooked
0%
oasis she's electric
0%
lil yachty should i b?
0%
last leaf down silence
0%
stevie wonder sir duke
0%
avril lavigne sk8er boi
0%
ateez skin (seonghwa)
0%
hohnen ford skylight
0%
perfume genius slip away
0%
kacey musgraves slow burn
0%
matt champion slug
0%
neon indian slumlord
0%
phoebe bridgers smoke signals
0%
laufey snow white
0%
olivia dean so easy (to fall in love)
0%
keshi soft spot
0%
caroline polachek so hot you're hurting my feelings
0%
natalia lafourcade soledad y el mar
0%
the 1975 somebody else
0%
olivia dean something inbetween
0%
keane somewhere only we know
0%
jonathan ogden somewhere to belong
0%
demi lovato sorry to myself
0%
lupe fiasco sos
0%
deftones souvenir
0%
sufjan stevens so you are tired
0%
lausse the cat space cadet cat
0%
radiohead spectre
0%
sampha spirit 2.0
0%
lizzy mcalpine spring into summer
0%
chris renzema springtime
0%
pinkpantheress stateside
0%
lizzy mcalpine staying
0%
matt champion steel
0%
paramore still into you
0%
ten stunner
0%
blend house sudachi
0%
all time low sugar
0%
kali uchis sugar! honey! love!
0%
mckinley dixon sugar water
0%
the japanese house sunshine baby
0%
kali uchis sunshine & rain...
0%
frank ocean sweet life
0%
jon guerra take up your cross
0%
sammy rae & the friends talk it up
0%
joshua luke smith taste & see
0%
massive attack teardrop
0%
mafidz teleportasi
0%
kali uchis te mata
0%
ethel cain tempest
0%
natalia lafourcade te quiero ver
0%
ernie zakri tercipta sempurna
0%
quadeca texas blue
0%
taylor mackall the ascent
0%
clipse the birds don't sing
0%
twenty one pilots the contract
0%
the pentangle the cuckoo
0%
the blue nile the downtown lights
0%
taylor swift the fate of ophelia
0%
tamino the first disciple
0%
aurora the flood
0%
chappell roan the giver
0%
gorillaz the happy dictator
0%
adam melchor the hopefuls
0%
tenielle neda the invitation
0%
jon guerra the Lord is my shepherd
0%
radiohead the numbers
0%
celtic woman the parting glass - live 2017
0%
kings kaleidoscope there is a higher throne
0%
the smiths there is a light that never goes out
0%
kamasi washington the rhythm changes
0%
laufey the risk
0%
my chemical romance the sharpest lives
0%
mac miller the spins
0%
origami angel the title track
0%
fiona apple the way things are
0%
lil yachty the zone~
0%
kings kaleidoscope this is my Father's world
0%
sufjan stevens (this is) the thing
0%
magdalena bay this is the world (i made it for you)
0%
conan gray this song
0%
liang lawrence thoughtless
0%
death cab for cutie title and registration
0%
men i trust to ease you
0%
kali uchis tomorrow
0%
hohnen ford tomorrow's tomorrow
0%
yakul tongue tied
0%
jojo too little too late
0%
bridgit mendler top of the world
0%
regina spektor tornadoland
0%
laufey tough luck
0%
system of a down toxicity
0%
death cab for cutie transatlanticism
0%
liana flores try again tomorrow
0%
ichiko aoba tsuki no oka
0%
mafidz tulus ikhlas
0%
givēon twenties
0%
ariana grande twilight zone
0%
black country, new road two horses
0%
sombr undressed
0%
faouzia unethical
0%
silvana estrada un rayo de luz
0%
novo amor utican
0%
alvvays velveteen
0%
tamino verses
0%
natalia lafourcade vine solita
0%
jamiroquai virtual insanity
0%
john park vista
0%
conan gray vodka cranberry
0%
fleet foxes wading in waist-high water
0%
ichiko aoba wakusei no namida
0%
emma nissen walking each other home
0%
ariana grande warm
0%
oneohtrix point never waterfalls
0%
my chemical romance welcome to the black parade
0%
kendrick lamar wesley's theory
0%
huntr/x what it sounds like
0%
mitski when memories snow
0%
billie eilish when the party's over
0%
raye where is my husband!
0%
jon guerra where your treasure is
0%
hayley williams whim
0%
fleet foxes white winter hymnal
0%
jon guerra who is greatest?
0%
royel otis who's your boyfriend
0%
aries wichita blues
0%
ruel wild guess - saloon version
0%
sam fender wild long lie
0%
anri windy summer
0%
dijon yamaha
0%
natalia lafourcade ya no vivo por vivir
0%
novo amor years on
0%
katherine ho yellow
0%
fujii kaze you
0%
ruel you against yourself
0%
yellowcard you broke me too
0%
niall horan you could start a cult
0%
magdalena bay you lose!
0%
No matching quizzes found
Score Distribution
Percent of People with Each Score
Percentile by Number Answered
Your Score History
You have not taken this quiz